| 000 | 00581nam a2200205 i 4500 | ||
|---|---|---|---|
| 001 | 124384 | ||
| 003 | ES-MaACL | ||
| 007 | t| | ||
| 008 | 070322s1945 sp ||||1| spa d | ||
| 080 | _a551.5(022) | ||
| 100 | 1 |
_aLorente, José María. _974099 |
|
| 245 | 1 | 0 |
_aMeteorología / _cJosé María Lorente. |
| 250 | _a3ª ed. rev. | ||
| 260 |
_aBarcelona : _bLabor, _c[1945] |
||
| 300 |
_a200 p., XVIII p. lám. : _bil. ; _c17 cm. |
||
| 490 | 1 |
_aColección Labor ; _v34 bis |
|
| 830 | 0 | 0 |
_aColección Labor _v34 bis _9184254 |
| 852 |
_aES-MaACL _jE-2582 |
||
| 999 |
_c124384 _d124384 |
||